Score 0/12 Timer 02:00
0 Plays Today
Clue 4-Letter Word % Correct
A monkey has a prehensile oneTAIL
80.7%
A HS science class, for shortCHEM
79.9%
Moan in painWAIL
76.9%
An intimate friend OR chopped fish to attract a sharkCHUM
76.6%
To remain ready in expectationWAIT
75.9%
Newscaster Huntley of the 50's and 60'sCHET
59.1%
Sharpen a knife by rubbing on a stoneWHET
53.9%
The smallest amount imaginableWHIT
50.7%
With [Last Rung], English rapper-singer of 'Dynamite' and 'Break Your Heart'TAIO
38.9%
With [First Rung], English rapper-singer of 'Dynamite' and 'Break Your Heart'CRUZ
38.2%
Gunk or rubbishCRUD
34.6%
A term for ugly people that came from a 1984 horror movieCHUD
32%

Today's Daily Dose

Remove Ads.
Support Sporcle.
Get the best of Sporcle when you Go Orange. This ad-free experience offers more features, more stats, and more fun while also helping to support Sporcle. Thank you for becoming a member.

You're not logged in!

Compare scores with friends on all Sporcle quizzes.
OR
Log In

Show Comments

Extras

Top Quizzes Today


Score Distribution

Your Account Isn't Verified!

In order to create a playlist on Sporcle, you need to verify the email address you used during registration. Go to your Sporcle Settings to finish the process.

Report this User

Report this user for behavior that violates our Community Guidelines.

Details: